Pokemon Multiple Choice #2 - Statistics

General Stats
  • This quiz has been taken 29 times
  • The average score is 7 of 12
Answer Stats
Question Answer % Correct
Which type do the Galarian forms of the Legendary Birds not have? Fairy
100%
What is a side effect of the move 'Misty Terrain'? Prevents any non-volatile status conditions being afflicted
100%
Which of the following types are not immune to another type? Psychic
100%
Which of these is not a Rotom form? Trash
100%
Which of these types only belong to a single Pokemon? Water/Steel
100%
Which is the only typing not to be paired with Electric ?(i.e there are no Electric/_____ Pokemon) Fighting
50%
Which of the following types have the fewest Pokemon? Grass/Flying
50%
What is Pikachu's hidden ability? Lightning Rod
50%
Which two regions contain more than one daycare location? Kanto & Hoenn
0%
Which of the following items sell for the most? Nugget
0%
Which of the four letters below do the fewest Pokemon begin with? U
0%
Which Gym Leader is not the 3rd badge giver in their region? Valerie
0%
No matching quizzes found
Score Distribution
Percent of People with Each Score
Percentile by Number Answered
Your Score History
You have not taken this quiz